000 00611cam a2200205 4500
001 M97427
008 090401t1999 xxu||||| |||| 00| 0 eng d
035 _a(Sirsi) u92102
041 _aeng
050 _a333.0062
110 _aRoyal Institution of Chartered Surveyors
_94900
245 4 _aThe RICS consolidated accounts for the year ended 31 July 1998 and reports of the professional auditors and honorary auditors.
260 _aLondon
_bRICS
_c1999
300 _a(8)p. ; 30cm.
350 _a0
490 _aRICS Financial Statements
650 _aANNUAL ACCOUNTS
942 _n0
948 _c16/03/1999
999 _c97722
_d97722